| 000 | 00745nam a2200205 4500 | ||
|---|---|---|---|
| 005 | 20250930150203.0 | ||
| 008 | 250930b |||||||| |||| 00| 0 eng d | ||
| 020 | _a9786214092086 | ||
| 082 | _aDFil 658.4012 P18 2023 | ||
| 100 |
_aPalma, Norvin Moises. _968249 |
||
| 245 |
_aStrategic business analysis with management / _cNorvin Moises Palma and Janus Aries Q. Simbillo. |
||
| 260 |
_aMandaluyong City : _bBooks Atbp. Publishing Corp, _c©2023. |
||
| 300 |
_aviii, 260 pages : _billustrations ; _c25 cm. |
||
| 500 | _aIncludes references. | ||
| 650 | 0 |
_aStrategic planning. _968250 |
|
| 650 | 0 |
_aBusiness planning. _968251 |
|
| 650 | 0 |
_aBusiness analysts. _968252 |
|
| 700 |
_aSimbillo, Janus, Aries Q., _eauthor. _968253 |
||
| 942 |
_2ddc _cDFIL |
||
| 999 |
_c23911 _d23911 |
||